000 00289nam a22001337a 4500
008 170407b xxu||||| |||| 00| 0 eng d
020 _a9781890061173
041 _aeng
080 _22 ED
_a616
100 _a9
101 _aSHM
245 _aPATHOPHISIOLOGY
_cBHUSHAN.V
942 _2udc
_cBK
999 _c10158
_d10158